000 00362nam a2200145Ia 4500
005 20240912115248.0
008 240806s9999||||xx |||||||||||||| ||eng||
041 _aeng
100 _aShambhunath Tripathi
245 0 _aShaktayan vyakarnam /
_cShambhunath Tripathi
260 _bBharateey Gyanpeeth Prakashan
300 _a0
650 _aSanskrit
942 _cBK
999 _c19140
_d19140